00593nam a2200181 i 450000100060000000300090000600500170001500700030003200800410003510000230007624501380009925000150023726000340025230000220028670000370030874000340034585200320037995870ES-MaACL20251114150616.0t|050606s1971 sp ||||1| spa d1 aMacDonald, Philip.13aLa lista de Adrian Messenger = (The list of Adrian Messenger) / cPhilip MacDonald; traducción del inglés Miguel Giménez Sales. a[1ª ed.]. aBarcelona : bPicazo, c1971. a258 p. ; c18 cm.1 aGiménez Sales, Miguel, d1922-4 aThe list of Adrian Messenger. aES-MaACLjC-46033 bR.79687